000 00456nab a2200145Ia 4500
003 ES-SlBCS
005 20210601134027.0
008 140529s2007 xxu||||| |||| 00| 0 por d
041 _apor
100 1 _aFernandes Weber, José
_9209206
245 0 2 _aA teoria nietzscheana da tragedia
_c José Fernandes Weber
650 0 4 _aTeoria Nitzscheana de la Tragedia
_9212605
773 0 _tTransformaçao
_gvol. 30, nº. 1, 2007, págs. 205-224
_wRev977
942 _cAR
999 _c605879
_d605879